Learning from data : Artificial Intelligence and statistics V

Αποθηκεύτηκε σε:
Λεπτομέρειες βιβλιογραφικής εγγραφής
Μορφή: Βιβλίο
Γλώσσα:English
Δημοσίευση: New York : Springer-Verlag New York, Inc., 1996
Σειρά:Lecture notes in statistics (Springer-Verlag) ; 112
Θέματα:
Ετικέτες: Προσθήκη ετικέτας
Δεν υπάρχουν, Καταχωρήστε ετικέτα πρώτοι!

MARC

LEADER 00000nam a2200000 i 4500
001 1/62144
008 980615s1996 eng d
020 |a 0387947361 
035 |l 10029020 
040 |a GR-MY-UA  |b gre  |e aacr 
041 0 |a eng 
082 0 |a 006.3015195 
245 1 0 |a Learning from data :  |b Artificial Intelligence and statistics V /  |c Edited by: Doug Fisher and Hans -J.Lenz 
260 |a New York :   |b Springer-Verlag New York, Inc.,   |c 1996 
300 |a xii, 450 p. 
490 1 |a Lecture notes in statistics  |v ; 112 
650 0 0 |a Artificial intelligence  |x Congresses. 
650 0 0 |a Statistics  |x Congresses. 
700 1 |a Fisher, Douglas H.  |4 pbl 
700 1 |a Lenz, Hans-Joachim.  |4 pbl 
830 0 |a Lecture notes in statistics (Springer-Verlag)  |v ; 112 
852 |a INST  |b CHIOS  |e 19980615  |h 006.3015195 LEA  |p 005200016142  |q 005200016142  |t BK  |y 0 
901 |a BIBL-1998-2 
909 |a Χ  |b 057333 
922 |a 2ΕΛΗ  |b 199805  |c ΤΔΕ  |d ΠΑΠΑΣΩΤΗΡΙΟΥ